<?xml version="1.0" encoding="UTF-8"?>
<record
    xmlns:xsi="http://www.w3.org/2001/XMLSchema-instance"
    xsi:schemaLocation="http://www.loc.gov/MARC21/slim http://www.loc.gov/standards/marcxml/schema/MARC21slim.xsd"
    xmlns="http://www.loc.gov/MARC21/slim">

  <leader>00729cam a2200205   4500</leader>
  <controlfield tag="008">040525s1996    mx b   g b    000 0 spa u</controlfield>
  <datafield tag="020" ind1=" " ind2=" ">
    <subfield code="a">9686454489</subfield>
  </datafield>
  <datafield tag="035" ind1=" " ind2=" ">
    <subfield code="a">a437253</subfield>
  </datafield>
  <datafield tag="050" ind1="0" ind2="0">
    <subfield code="a">HD1795 </subfield>
    <subfield code="b">.G8 B87 1996</subfield>
  </datafield>
  <datafield tag="100" ind1="1" ind2=" ">
    <subfield code="a">Bustamante &#xC1;lvarez, Tom&#xE1;s</subfield>
  </datafield>
  <datafield tag="245" ind1="1" ind2="4">
    <subfield code="a">Las Transformaciones de la agricultura o las paradojas del desarrollo regional / </subfield>
    <subfield code="c">Tom&#xE1;s Bustamante &#xC1;lvarez.</subfield>
  </datafield>
  <datafield tag="250" ind1=" " ind2=" ">
    <subfield code="a">1a. ed.</subfield>
  </datafield>
  <datafield tag="260" ind1=" " ind2=" ">
    <subfield code="a">M&#xE9;xico :</subfield>
    <subfield code="b">Juan Pablos :</subfield>
    <subfield code="b">Procuradur&#xED;a Agraria, </subfield>
    <subfield code="c">1996</subfield>
  </datafield>
  <datafield tag="300" ind1=" " ind2=" ">
    <subfield code="a">305 p. :</subfield>
    <subfield code="b">maps. ;</subfield>
    <subfield code="c">22 cm.</subfield>
  </datafield>
  <datafield tag="504" ind1=" " ind2=" ">
    <subfield code="a">Bibliograf&#xED;a : p. 287-300</subfield>
  </datafield>
  <datafield tag="650" ind1="1" ind2="4">
    <subfield code="a">Agricultura </subfield>
    <subfield code="z">M&#xE9;xico </subfield>
    <subfield code="z">Guerrero</subfield>
  </datafield>
  <datafield tag="650" ind1="2" ind2="0">
    <subfield code="a">Reforma agraria </subfield>
    <subfield code="z">M&#xE9;xico </subfield>
    <subfield code="z">Guerrero</subfield>
  </datafield>
  <datafield tag="650" ind1="3" ind2="0">
    <subfield code="a">Desarrollo rural </subfield>
    <subfield code="z">M&#xE9;xico</subfield>
    <subfield code="z">Guerrero</subfield>
  </datafield>
  <datafield tag="942" ind1=" " ind2=" ">
    <subfield code="2">lcc</subfield>
    <subfield code="c">LIB</subfield>
  </datafield>
  <datafield tag="999" ind1=" " ind2=" ">
    <subfield code="c">65784</subfield>
    <subfield code="d">65784</subfield>
  </datafield>
  <datafield tag="952" ind1=" " ind2=" ">
    <subfield code="1">0</subfield>
    <subfield code="2">lcc</subfield>
    <subfield code="4">0</subfield>
    <subfield code="7">0</subfield>
    <subfield code="a">INV-033</subfield>
    <subfield code="b">INV-033</subfield>
    <subfield code="c">GENERAL</subfield>
    <subfield code="d">2018-08-21</subfield>
    <subfield code="f">1a ed.</subfield>
    <subfield code="i">H</subfield>
    <subfield code="k">CSA</subfield>
    <subfield code="o">HD1795 .G8 B87 1996</subfield>
    <subfield code="p">IIH000024792</subfield>
    <subfield code="r">2018-08-21 00:00:00</subfield>
    <subfield code="t">C:1</subfield>
    <subfield code="y">LIB</subfield>
  </datafield>
</record>
